[Event "Hastings 9697"]
[Site "Hastings"]
[Date "1996.??.??"]
[Round "1"]
[White "Conquest, Stuart"]
[Black "Lalic, Bogdan"]
[Result "0-1"]
[WhiteElo "2585"]
[BlackElo "2565"]
[Annotator "Alterman,B"]
[PlyCount "92"]
[EventDate "1996.12.??"]
[EventType "tourn"]
[EventRounds "9"]
[EventCountry "ENG"]
[EventCategory "13"]
[SourceTitle "CBM 057"]
[Source "ChessBase"]
[SourceDate "1997.04.01"]
[SourceVersion "1"]
[SourceVersionDate "1997.04.01"]
[SourceQuality "1"]

1. d4 Nf6 2. c4 e6 3. Nc3 Bb4 4. Bg5 h6 5. Bh4 c5 6. d5 Bxc3+ 7. bxc3 d6 8. e3
Qe7 9. Nf3 Nbd7 10. a4 $6 {A dubious novetly.Normally White open position in
the centre. After 10.de , the bishop pair plus the weak pawn d6,give White a
some edge.} (10. dxe6 Qxe6 11. Be2 b6 (11... O-O 12. O-O b6 13. Qc2 Bb7 14. Nd2
Rfe8 15. Rad1 Ne5 16. Rfe1 Rad8 17. f3 Ng6 18. Bf2 Bc6 19. Bd3 Ne5 20. Bf5 Qe7
21. Bh4 $14 {Yermolinsky,A-Martens,M/Tilburg (01) ,CBM 39 1993/1-0 (49)}) 12.
Qd3 Bb7 13. O-O-O Ke7 14. Rhe1 Be4 15. Qd2 Rad8 16. Nd4 cxd4 17. exd4 g5 18.
Bg3 Kf8 19. f3 d5 20. cxd5 Qxd5 21. fxe4 Nxe4 22. Bf3 Ndf6 23. Qc2 {1-0
Yusupov,A-Lobron,E/Garmisch-Partenkirchen 25' (10) 1994}) 10... a5 11. Be2 g5
12. Bg3 Ne4 13. dxe6 Qxe6 14. Bd3 (14. Qb3 $5) 14... Ndf6 (14... g4 15. Nd2
Nxg3 (15... Nxc3 $2 {is no good because of} 16. Qb3 $18) 16. hxg3 Nf6 $10) 15.
Nd2 Nxg3 (15... Nxc3 $4 16. Qc2 $18) 16. hxg3 Bd7 17. Qc2 Kf8 18. Kf1 Rd8 (
18... Kg7 $15) 19. f3 (19. Rb1 Bc6 $15) 19... Re8 20. Re1 h5 {Now we can see
difference between the stron bshop on d7 and the passive one on d3. Black
immediatly attacks on the kingside in order tocreate weakness.} 21. Kg1 h4 $1
22. Nf1 Kg7 23. g4 Qe5 24. Re2 d5 25. Rf2 (25. e4 dxe4 26. Bxe4 Bc6 27. Nd2 Qf4
$17) 25... d4 26. cxd4 cxd4 27. e4 Re6 28. Rh3 Rb6 29. Nh2 Qf4 30. Re2 Re8 31.
Qd1 Rb4 32. Qe1 Re5 33. Qa1 (33. Qd2 Qxd2 34. Rxd2 Bxa4 $17) 33... Rxa4 (33...
Bxa4 34. Qxd4 b5 $17) 34. Qxd4 Rd5 $1 (34... b5 $17) 35. Qc3 Qe5 36. Qxe5 Rxe5
37. Kf2 Be6 38. Rc2 Rc5 39. Nf1 Ra3 (39... Nd7 $17) 40. Ke2 Nd7 41. Kd2 Ne5 $19
42. Be2 Nxc4+ 43. Bxc4 Rxc4 44. Rxc4 Bxc4 45. Ne3 Rd3+ 46. Ke2 Rd4+ 0-1

[Event "Biel MTO op"]
[Site "Biel"]
[Date "1994.??.??"]
[Round "7"]
[White "Milov, Vadim"]
[Black "De Firmian, Nick E"]
[Result "1-0"]
[WhiteElo "2590"]
[BlackElo "2565"]
[Annotator "Ambroz,J"]
[PlyCount "60"]
[EventDate "1994.07.??"]
[EventType "swiss"]
[EventRounds "11"]
[EventCountry "SUI"]
[SourceTitle "CBM 042"]
[Source "ChessBase"]
[SourceDate "1994.10.01"]
[SourceVersion "1"]
[SourceVersionDate "1994.10.01"]
[SourceQuality "1"]

1. d4 Nf6 2. c4 e6 3. Nc3 Bb4 4. Bg5 h6 5. Bh4 c5 6. d5 Bxc3+ 7. bxc3 d6 8. e3
e5 9. f3 Bf5 $5 (9... Kd7 $5 {/\ Kc7} 10. Bd3 Kc7 11. Ne2 Qe7 12. Qc2 Nbd7 13.
Rb1 Nf8 14. Rb2 Bd7 15. O-O Rg8 16. Qb3 Bc8 {Hort-Schussler/BL 8182/1982/} 17.
Rfb1 Ng6 18. Bg3 e4 $13) 10. e4 $1 (10. g4 Bh7 11. Nh3 Nbd7 12. Be2 Qe7 13. Qa4
O-O 14. Qb3 Rfb8 15. O-O Kh8 16. Rae1 Nf8 17. Nf2 g5 18. Bg3 Ng6 19. Bd3 Rg8 {
Keene-McCambridge/Dortmund/1982/} 20. Qd1 Rae8 21. Kh1 h5 $13) (10. Qb3 b6 11.
h3 Nbd7 12. g4 Bh7 13. Ne2 g5 14. Bf2 h5 15. h4 e4 {Timman-Dzindzichaschivili/
Geneve/1977/} 16. hxg5 exf3 $15 17. gxf6 fxe2 18. Bxe2 Qxf6 19. Rxh5 Bg6) 10...
Bh7 (10... Bc8 $5) 11. Rb1 b6 12. Bd3 Nbd7 13. Ne2 Qe7 (13... g5 $5 14. Bf2 Nh5
15. g3 (15. h4 Nf4 {/\ Nd3, f7-f5}) 15... Nhf6 (15... Ng7 16. h4 $1) 16. Bc2 (
16. h4 g4 $5 {>< Pe4}) 16... h5 (16... g4) 17. Ba4 g4) 14. Bc2 $1 g5 (14... O-O
15. g4 $40 (15. O-O g5 16. Bf2 Nh5)) 15. Bf2 Nh5 (15... h5 16. h4 g4 17. Be3
$14 {/\ Bg5}) 16. h4 $1 Nf4 17. g3 Nxe2 (17... Ng6 $5 18. hxg5 (18. h5 Ngf8 19.
Ba4 g4 $5) 18... hxg5 19. Be3 f6 20. Ba4 Kf7 21. Kd2 $14) 18. Qxe2 O-O-O 19. g4
f6 $14 (19... h5 $5 $132 20. gxh5 (20. hxg5 $6 hxg4) 20... Rdg8 (20... f5 21.
exf5 (21. hxg5 Qxg5 22. Bh4 Qxh5) 21... Rdf8) 21. hxg5 Qxg5 22. Be3) 20. Kd2
Bg6 21. Ba4 $1 (21. a4 $2 a5 $1 {>< Bc2}) 21... Rhg8 (21... h5 $5) 22. Be3 Be8
23. Qd1 Nf8 24. Bxe8 Qxe8 25. a4 Kc7 26. a5 Qd7 $2 (26... bxa5 27. Rb5) (26...
Ra8 27. Qb3 Qb8 28. Qb5 Qb7 29. hxg5 hxg5 30. Rh6) 27. axb6+ axb6 28. Rxb6 $1
Rc8 (28... Kxb6 29. Qa1 $1 Kc7 30. Rb1 $1) 29. Qa1 Kd8 30. Qa6 Ke7 {31.hg5 hg5
32.Rd6! +-} 1-0

[Event "USA-ch GpA"]
[Site "San Diego"]
[Date "2006.03.11"]
[Round "9"]
[White "Finegold, Benjamin"]
[Black "Benjamin, Joel"]
[Result "1-0"]
[WhiteElo "2563"]
[BlackElo "2576"]
[Annotator "Babula,V"]
[PlyCount "63"]
[EventDate "2006.03.02"]
[EventType "swiss"]
[EventRounds "9"]
[EventCountry "USA"]
[SourceTitle "CBM 112"]
[Source "ChessBase"]
[SourceDate "2006.06.07"]
[SourceVersion "1"]
[SourceVersionDate "2006.06.07"]
[SourceQuality "1"]

1. d4 Nf6 2. c4 e6 3. Nc3 Bb4 4. Bg5 c5 5. d5 h6 6. Bh4 Bxc3+ 7. bxc3 d6 8. e3
e5 {For the notes about the opening phase look at the game Berkes-Szabo in
this issue of the CBM.} 9. Nf3 {[%csl Ge4][%cal Yf3d2] A less frequent
continuation, White's knight aims to its ideal d2 square. Let's have a look at
White's other main options.} ({Details about} 9. Qc2 {1-0 Berkes,F (2597)
-Szabo,K (2447)/Szekesfehervar 2006/CBM 112/[Babula,V] (49)}) ({After} 9. Bd3 {
is for White unpleasant} e4 $5 (9... Nbd7 10. f4 $5) 10. Bc2 Nbd7 {, for
example} 11. Ne2 (11. f4 Nb6 12. Qe2 Bg4 13. Qf1 g5 $1 14. fxg5 Nh5 $13 {
1/2 Ivanchuk,V (2717)-Topalov,V (2718)/Wijk aan Zee 2001/CBM 081 (36)}) 11...
Qe7 12. Qb1 (12. Ba4 O-O 13. Bxd7 Bxd7 $11) 12... O-O 13. O-O Re8 14. Ba4 g5
15. Bg3 Nh5 16. f4 $13 {1/2 Sasikiran,K (2514)-Zhang Zhong (2611)/Udaipur 2000/
EXT 2001 (50)}) ({Therefore White tries} 9. f3 {[%csl Ge4] at first.} g5 ({
Black can do also without the move g7-g5, for example} 9... Nbd7 10. Bd3 Qe7
11. Qc2 (11. Ne2 g5 12. Bg3 {transposes to the line 9...g5}) 11... Kd8 (11...
g5 12. Bg3 {also transposes}) 12. Ne2 Kc7 13. Rb1 (13. Ng3 $5) 13... Nf8 $13 {
1/2 Hort,V (2595)-Schussler,H (2495)/Germany 1981/GER-chT (40)}) ({After} 9...
Qa5 10. Qc2 Nbd7 {is good for White} 11. Rb1 $5 {with the idea to prevent b7-b5
}) 10. Bg3 Qe7 ({risky is} 10... e4 $6 {due to} 11. h4 g4 12. h5 $1 {[%cal
Yg3h4] , for example} exf3 13. gxf3 Qe7 14. Bh4 $1 Qe5 (14... Qxe3+ $2 15. Qe2
Qxe2+ 16. Nxe2 $1 Nxh5 17. O-O-O $1 $16 {1-0 Bareev,E (2590)-Sax,G (2600)/
Hastings 1990/CBM 022/[Ftacnik] (30)}) 15. Qd2 Nxh5 16. O-O-O $36 {1-0
Rogozenko,D (2480)-Sax,G (2570)/Odorheiu Secuiesc 1993/CBM 036/[Glatman] (27)})
11. Bd3 Nbd7 12. Ne2 Kd8 $5 {[%cal Yd8c7]} ({premature is} 12... e4 $6 13. Bxe4
Nxe4 14. fxe4 Nf6 (14... Ne5 $2 15. O-O O-O 16. Bxe5 Qxe5 17. Ng3 $16 {1-0
Timman,J (2650)-Kudrin,S (2485)/Wijk aan Zee 1985/MCL (29)}) 15. e5 dxe5 16.
Qc2 Bg4 17. O-O $14 {1-0 Yrjola,J (2460)-Schussler,H (2465)/Gjovik 1985/MCD 
(41)}) ({but possible is also} 12... Rg8 13. Qc2 h5 14. h4 g4 15. Rb1 Kd8 $5
16. a4 Kc7 17. a5 $13 {1/2 Timman,J (2650)-Polugaevsky,L (2625)/Linares 1985/
MCL (28)}) 13. Qc2 Kc7 14. h4 Rg8 $11 {1/2 Timman,J (2590)-Andersson,U (2565)/
Tilburg 1977/MCL/[Ftacnik] (24)}) 9... Qa5 $6 {A dubious move.} ({Perhaps the
best continuation for Black is} 9... Bf5 $5 {which limits White's
possibilities. The critical position arises after} 10. Nd2 g5 11. Bg3 Qe7 (
11... Nbd7 12. Be2 Qe7 {is only a transposition}) 12. Be2 (12. h4 Rg8 13. hxg5
hxg5 14. Qb3 Qc7 {[%csl Gb7][%cal Yb8d7]} 15. f3 Nbd7 16. e4 Bg6 $11 {0-1
Bareev,E (2590)-Beliavsky,A (2605)/Leningrad 1990/URS-ch/[Ftacnik] (39)}) 12...
Nbd7 {, for example} 13. Qb3 O-O-O 14. a4 Nf8 15. h4 Ng6 16. O-O-O Nf4 17. exf4
{1/2 Sasikiran,K (2536)-Bakre,T (2361)/Vung Tau City 1999/CBM 072 ext}) ({After
} 9... Qe7 {White can play besides} 10. Nd2 ({also} 10. Qc2 {what leads to the
9.Qc2 line examined in the above mentioned game Berkes-Szabo}) 10... Nbd7 (
10... g5 11. Bg3 Bf5 {leads to the 9...Bf5 line}) 11. Bd3 g5 ({In this line it
is difficult for Black to do without g7-g5. When he waits with this move} 11...
Kd8 $6 {White can play} 12. f3 $5 g5 $140 13. Bf2 $5 {[%cal Yg2g4]}) 12. Bg3 e4
13. Bc2 Kd8 $13 {0-1 Sasikiran,K (2573)-Milos,G (2633)/Istanbul 2000/EXT 2001 
(46)}) 10. Bxf6 $5 {This pawn sacrifice looks very promising.} ({But possible
is also quiet} 10. Qc2 {, for example} Nbd7 $5 ({Black can't effectively
attack the c3 pawn:} 10... Ne4 $6 11. Rc1) (10... g5 11. Bg3 Ne4 $2 12. Bd3 $1
Qxc3+ $140 13. Qxc3 Nxc3 14. Nxe5 $1) 11. Bd3 $5 g5 (11... b5 $6 12. Nd2 $1)
12. Bg3 Nh5 13. Nd2 Ndf6 14. Rb1 (14. f3 Bd7 15. a4 O-O-O $132) 14... b6 15. f3
Bd7 16. Bf2 Qa4 $1 17. Rb3 $14 {1/2 Hort,V (2560)-Suba,M (2465)/Tunis 1985/IZT
(75)}) 10... Qxc3+ 11. Nd2 gxf6 12. Be2 $44 {White has sacrificed only a pawn,
moreover the doubled one. For that he has compromised Black's pawn structure
and has gained some lead in development.} Bf5 {Black takes the e4 square under
control.} ({Other way how to do it is} 12... f5 $5) 13. O-O Na6 14. e4 {
White closes the b1-h7 diagonal to gain the b1 square for his rook. On the
other hand the e4 square is not available for his knight anymore.} Bd7 15. Rb1
O-O-O 16. Rb3 Qa5 17. Qc1 {White wants to exert pressure against Black's
queenside along the b and also a files.} Nb4 (17... Qc7 $6 18. Qa3 $1 {[%csl
Ra6,Ra7,Rb7]}) 18. Ra3 (18. Qc3 Qc7 19. a3 Na6 20. Rfb1 b6) 18... Qb6 19. Qb2
Kb8 (19... Na6 $6 20. Rb3 Qc7 21. Qa3 $1) 20. Rb1 f5 $2 {Black doesn't realize
the threatening danger.} ({Necessary is} 20... Qc7 $142 {White has a
sufficient compensation for the sacrificed pawn, but not more, for example} 21.
Rb3 b6 (21... Ba4 $2 22. a3 $1 Bxb3 23. axb4 $16 Ba4 24. b5) (21... Bc8 $6 22.
a3 Na6 23. Bg4 $1 b6 24. Bxc8 Kxc8 25. Nf1 {[%cal Yf1e3,Ye3f5]})) 21. Rb3 {
[%cal Ya2a3]} Ba4 $8 22. a3 Bxb3 23. axb4 $1 $16 {That is the point!} cxb4 (
23... Ba4 24. b5 $16 {[%csl Ra4]}) (23... Qxb4 24. Nxb3 $16) 24. Qxb3 fxe4 25.
Qa4 $5 {White continues the most energetic way.} (25. Nxe4 $16) 25... a5 $6 {
Black doesn't offer much resistance.} ({But also after} 25... e3 $142 26. Rxb4
exf2+ 27. Kf1 Qe3 28. Nb3 $16 {White's attack against Black's king should
break through, whereas Black can't do anything to White's one.}) 26. Nb3 $18 {
The rest is agony.} Kc7 27. Rc1 Ra8 28. c5 Qa7 29. Qb5 Rhd8 30. Qc4 Kb8 31. c6
Kc7 32. cxb7+ 1-0

[Event "HUN-ch 56th"]
[Site "Szekesfehervar"]
[Date "2006.03.07"]
[Round "7"]
[White "Berkes, Ferenc"]
[Black "Szabo, Krisztian"]
[Result "1-0"]
[WhiteElo "2597"]
[BlackElo "2447"]
[Annotator "Babula,V"]
[PlyCount "97"]
[EventDate "2006.03.01"]
[EventType "tourn"]
[EventRounds "9"]
[EventCountry "HUN"]
[EventCategory "13"]
[SourceTitle "CBM 112"]
[Source "ChessBase"]
[SourceDate "2006.06.07"]
[SourceVersion "1"]
[SourceVersionDate "2006.06.07"]
[SourceQuality "1"]

1. d4 Nf6 2. c4 e6 3. Nc3 Bb4 4. Bg5 h6 5. Bh4 c5 6. d5 d6 {A quiet
continuation, it is considered to be the best defence against the Leningrad
Variation.} (6... Bxc3+ 7. bxc3 {is usually only the transposition} d6 8. e3) (
{Risky, but possible is also} 6... b5 {For White became popular} 7. cxb5 $5 (7.
dxe6 fxe6 8. cxb5 d5 $44) 7... g5 8. Bg3 Nxd5 9. Rc1 $13) 7. e3 ({After} 7. Rc1
{with the idea to prevent the creation of the doubled pawn Black has} Bxc3+ $5
8. Rxc3 g5 9. Bg3 Ne4 10. Ra3 Qb6 11. Qb3 Qxb3 12. Rxb3 b5 $13 {1/2 Haba,P 
(2520)-Movsesian,S (2630)/Zlin 1997/CBM 061 (49)}) 7... Bxc3+ {The most
frequent continuation.} ({But interesting option is} 7... Qe7 $5 {[%csl Gd6]
[%cal Yb8d7] what is often only a transposition after} 8. Nf3 ({perhaps less
accurate is} 8. Bd3 {[%csl Gc3][%cal Yg1e2] as after} Bxc3+ 9. bxc3 Nbd7 ({or} 
9... e5 {Black achieves a line favourable for him - compare with the line 8...
Qe7 in the note below}))) ({Possible is also} 7... g5 8. Bg3 Bxc3+ ({but
weaker is} 8... Ne4 $143 $6 9. Qc2 Bxc3+ (9... Qf6 $2 10. Nge2 exd5 11. O-O-O
$1 $16 {1-0 Timman,J (2675)-Winants,L (2465)/Brussels 1988/CBM 007 (24)}) 10.
bxc3 Nxg3 11. hxg3 e5 12. Bd3 $14 {1/2 Dzagnidze,N (2482)-Javakhishvili,L 
(2430)/Chisinau 2005/CBM 106 ext (55)}) 9. bxc3 e5 {what is examined below}) 8.
bxc3 e5 {This is the main move.} ({Other playable alternatives are:} 8... Qe7 {
Black keeps the e5 square free and prepares knight's manoeuvre Nb8-d7-e5(f8)
-g6 to get away White's Bh4. But after} 9. Nf3 {looks the best for Black} (9.
Bd3 $6 Nbd7 ({or} 9... e5)) 9... e5 ({as after} 9... Nbd7 10. Nd2 O-O (10...
Ne5 11. Bxf6 $5 gxf6 12. f4 Ng6 13. Kf2 $13 {1-0 Bareev,E (2590)-Kosten,A 
(2510)/Hastings 1990/CBM 022 (24)}) 11. Be2 Ne5 {White has unpleasant} 12. Ne4
g5 13. Nxf6+ Qxf6 14. Bg3 Nxc4 15. O-O $36 {1-0 Rogozenko,D (2480)-Timoshenko,
G (2515)/Bucharest 1993/CBM 034 (44)}) {to transpose after} 10. Qc2) ({After} 
8... g5 9. Bg3 e5 {White can continue either} 10. Qc2 ({or} 10. Bd3 e4 11. Bc2
Qe7 12. h4 Rg8 $11) 10... Qe7 (10... e4) 11. Nf3 {[%csl Ge4][%cal Yf3d2]} e4 (
11... Nh5 $5) 12. Nd2 Bf5 $11 {, in both cases Black's position is solid
enough.}) {The main position of this line.} 9. Qc2 {White take the b1-h7
diagonal under control and thus doesn't allow Black's Bc8 to develop on f5.
Other White's options are examined in the game Finegold-Benjamin in this issue
of the CBM.} Nbd7 (9... Qe7 10. Nf3 Nbd7 {is only the transposition} (10... g5
11. Bg3 {we already know})) 10. Nf3 {[%csl Ge4][%cal Yf3d2] That looks more
logical than} (10. Bd3 Qe7 {[%cal Ye5e4]} 11. f3 g5 12. Bg3 $11) 10... Qe7 {
Black makes an useful move. He doesn't castle as it is often more advantageous
to bring the king to the queenside. There it can feel more safe and moreover
can help to defend the weakness on the b file.} 11. Nd2 {From here the knight
controls the e4 square.} e4 {Black gains some space in the centre, especially
the e5 square. On the other hand he opens the h2-b8 diagonal for White's dark
squared bishop what should be always well considered as Black already misses
his dark squared one.} ({Other possibility is} 11... g5 12. Bg3 Nh5 (12... e4 {
leads to the game}) {with the idea to exchange White's Bg3. The critical line
is then} 13. Bd3 Ndf6 14. h3 $5 {[%cal Yg3h2,Yg2g4]} Bd7 (14... Nxg3 $6 15.
fxg3 Nh5 16. O-O $1 $36 {[%cal Gf1f7] 1-0 Jussupow,A (2655)-Slobodjan,R (2525)/
Nussloch 1996/CBM 053/[Jussupow] (43) f}) 15. Rb1 ({after} 15. Bh2 {Black
probably planned} Ng7 16. g4 h5) 15... b6 16. a4 Ng7 17. f3 Nfh5 18. Bh2 $13 {
0-1 Jussupow,A (2680)-Karpov,A (2775)/Baden-Baden 1995/EXT 97 (61)}) ({Weaker
is} 11... Nf8 $143 $6 12. Bd3 $14) 12. Be2 g5 ({Black can also do without g7-g5
} 12... O-O {[%cal Yf8e8]}) 13. Bg3 Kd8 $5 {[%cal Yd8c7] This move deserves
attention, Black brings his king to the queenside and frees the e8 square for
the rook.} ({But most often choice is} 13... Nf8 14. h4 Rg8 (14... Ng6 $143 $6
15. h5 Nf8 16. Bd1 Bd7 17. Rb1 b6 18. a4 $14 {1-0 Sasikiran,K (2657)
-Anastasian,A (2568)/Moscow 2005/CBM 106 (36)}) 15. Rb1 Kd8 $5 $13 (15... Ng6
$143 $6 16. h5 $5 Nf8 $14 {is similiar to the game Sasikiran-Anastasian above})
) 14. h4 Rg8 ({More logical looks} 14... Re8 $5 15. hxg5 hxg5 $13 {0-1 Glavas,
D (2274)-Polak,T (2503)/Pula 2001/CBM 082 ext (36)}) 15. Qb1 {A new move,
White prevents Nd7-e5.} ({After} 15. Rb1 {Black can play} Ne5 {, for example}
16. Qa4 (16. Nxe4 $6 {is not ideal now due to} Bf5 {and White is forced to play
} 17. f3) 16... Kc7 17. Qa5+ Kb8 18. hxg5 hxg5 19. Rh6 b6 $13 {0-1 Kubala,M 
(2295)-Lechtynsky,J (2370)/Decin 1998/EXT 2000 (32)}) 15... Ne5 $2 {An error,
Black doesn't notice the difference.} (15... Kc7 $142 $13) 16. hxg5 hxg5 17.
Nxe4 $1 Bf5 $6 {Black still doesn't see White's idea.} (17... Nxc4 $142 18.
Nxf6 Qxf6 19. Qb3 $16) 18. Nxf6 $1 {That's the point!} Bxb1 19. Nxg8 Qf8 20.
Rxb1 Qxg8 21. Bxe5 dxe5 22. Rxb7 $18 {Now Black's position is hopeless,
White's pieces coordinate perfectly and dominate the board.} Kc8 23. Re7 Kd8
24. d6 Rb8 25. Rxa7 Qg7 (25... Rb1+ 26. Kd2 $1 Rb2+ 27. Kc1) 26. Bg4 e4 (26...
Rb1+ 27. Kd2 $1) 27. g3 Ke8 (27... Qxc3+ 28. Kf1) (27... Rb1+ 28. Ke2 Rb2+ 29.
Kf1) 28. Kf1 Rd8 29. Be6 Rxd6 30. Bxf7+ Kf8 31. Ra8+ Ke7 32. Bg8 Qe5 33. Rh7+
Kf6 34. Bd5 Kf5 35. Rg8 Rxd5 36. cxd5 Qxd5 37. Rf8+ Kg6 38. Rc7 Qd6 39. Rcc8 c4
40. Kg2 Qd3 41. Rc6+ Kh5 42. Rf5 Qxc3 43. Rcc5 Kh6 44. Rxg5 Qc2 45. Rgd5 Kg6
46. Rd6+ Kf7 47. Rc7+ Ke8 48. Rh6 Qc3 49. Rh8+ 1-0

[Event "Benasque"]
[Site "Benasque"]
[Date "1995.??.??"]
[Round "3"]
[White "Comas Fabrego, Luis"]
[Black "Lalic, Bogdan"]
[Result "1/2-1/2"]
[WhiteElo "2490"]
[BlackElo "2590"]
[Annotator "Baburin,A"]
[PlyCount "46"]
[EventDate "1995.07.??"]
[EventType "tourn"]
[EventRounds "9"]
[EventCountry "ESP"]
[EventCategory "13"]
[SourceTitle "CBM 050"]
[Source "ChessBase"]
[SourceDate "1996.02.01"]
[SourceVersion "1"]
[SourceVersionDate "1996.02.01"]
[SourceQuality "1"]

1. d4 Nf6 2. c4 e6 3. Nc3 Bb4 4. Bg5 h6 5. Bh4 c5 6. d5 Bxc3+ {This is quite
normal for this variation and for the whole Nimzo-Indian Defence in general.
Usually after giving up the Bishop Black starts to place his pawns on dark
squares and locks the position.} 7. bxc3 d6 8. e3 Qe7 9. Nf3 g5 10. Bg3 e5 11.
Rb1 Ne4 12. Rb3 f5 13. Qb1 Nd7 14. Ng1 Ndf6 15. f3 Nxg3 16. hxg3 e4 17. f4 g4 {
The f1-Bishop has no future now, its black "colleague" might have better
prospects, as Black can go for b7-b5 in the future with futher attack of the
d5-pawn, however it did not happen in the game.} 18. Ne2 h5 19. Nc1 b6 20. a4
O-O 21. Ra3 Bd7 22. Nb3 Rab8 23. Nd2 a6 1/2-1/2

[Event "Abu Dhabi op 13th"]
[Site "Abu Dhabi"]
[Date "2003.08.20"]
[Round "5"]
[White "Gokhale, Chandrashekhar"]
[Black "Kunte, Abhijit"]
[Result "0-1"]
[WhiteElo "2357"]
[BlackElo "2515"]
[Annotator "Bangiev,A"]
[PlyCount "52"]
[EventDate "2003.08.16"]
[EventType "swiss"]
[EventRounds "9"]
[EventCountry "UAE"]
[SourceTitle "CBM 097"]
[Source "ChessBase"]
[SourceDate "2003.11.11"]
[SourceVersion "1"]
[SourceVersionDate "2003.11.11"]
[SourceQuality "1"]

1. d4 Nf6 2. c4 e6 3. Nc3 Bb4 4. Bg5 c5 5. d5 h6 6. Bh4 d6 7. e3 Qe7 8. Nf3
Nbd7 (8... O-O 9. Be2 exd5 10. cxd5 g5 11. Bg3 Ne4 12. Rc1 h5 13. Bd3 f5 $17 {
0-1 Guseinov,A-Filippov,V/Dubai 1999/CBM 70 ext (30)}) 9. Qc2 (9. Nd2 Nb6 10.
dxe6 Bxe6 11. Be2 O-O-O 12. O-O g5 13. Bg3 Ne8 14. e4 Bxc3 15. bxc3 f6 16. Rb1
Qd7 $11 {1-0 Rogozenko,D-Wahls,M/Germany 1999/GER-chT (43)}) 9... Nb6 {Schwarz
übt einen starken Druck auf die weißen Felder c4, d5, e4 aus, dadurch werden
seine schwarzen Felder, z.B. d6, e5 schwach.} (9... exd5 10. cxd5 g5 11. Bg3
Nb6 12. O-O-O $5) 10. Rd1 $6 (10. dxe6 $5 {[%mdl 32] Weiß sollte auf den Druck
auf die weißen Felder mit einem Angriff auf die schwarzen Felder, d.h. auf die
Steine, die die schwarzen Felder verteidigen, reagieren.} Bxe6 11. a3 $1 Bxc3+
12. Qxc3 $36) 10... e5 $5 {Schwarz geht nun in die übliche Variante über und
möchte damit den letzten Zug 10.Rd1 harmlos machen.} (10... exd5 11. cxd5 g5
12. Bg3) 11. Nd2 Bxc3 12. Qxc3 $6 (12. bxc3) 12... Nfxd5 {[%mdl 64] Es ist
schwer zu behaupten, ob Weiß den Bauern auf d5 geopfert oder übersehen hatte.}
13. cxd5 Qxh4 14. Bb5+ Bd7 15. Bxd7+ Nxd7 16. Nc4 {Es ist dem Weißen doch
gelungen, einen Angriff auf die schwarzen Felder aufzustellen.} Qe7 17. Qa5 $5
b6 18. Qa4 O-O 19. Qc6 Rad8 20. Qxd6 {Sieht gut für Weiß aus. Ist es aber
nicht. Durch den Angriff auf die schwarzen Felder hat Weiß die weißen Felder
außer Acht gelassen.} (20. Qc7 $2 Qh4 $1) (20. Nxd6 $4 Nb8) 20... Qh4 $1 {
Nun folgt der Gegenangriff auf die weißen Felder d5, e4, f3, g2!} 21. b3 (21.
Nxe5 Nf6 $19) 21... b5 $1 (21... Nf6 22. Qxe5 Qg4 $5 $36) 22. Nxe5 Qb4+ 23. Kf1
Nf6 24. Qc6 (24. Qa6 $142 Rxd5 25. Rxd5 Nxd5 $17) 24... Qe4 25. Nd3 Rxd5 26.
Ke2 c4 0-1